000
00321nam a2200145Ia 4500
005
20251222143250.0
008
251222s9999||||xx |||||||||||||| ||spa||
020
_a
9879065484
082
_a
193/W23
100
_a
Want, Christopher
245
0
_a
Kant:
250
_a
1ra.ed.
264
_b
Era Naciente SRL
942
_c
LIB
999
_c
14938
_d
14938